000 00341nam a2200133Ia 4500
005 20260328104322.0
008 260328s9999||||xx |||||||||||||| ||und||
100 _aClaren, Martin
245 0 _aArquitectura de Jardines En Europa 1450-1800 /
_cMartin Claren
260 _bTaschen
300 _a236 p.
650 _aARQUITECTURA
942 _cBK
999 _c11379
_d11379